Państwa z największą liczbą osób poniżej 15 roku życia - Statystyki

Ogólne statystyki
  • Ten quiz został rozwiązany 14 876 razy
  • Średni wynik to 12 z 20
Statystyki odpowiedzi
% Liczba Państwo % Poprawnych
18 245 mil Chiny
96%
19 62 mil Stany Zjednoczone
94%
28 372 mil Indie
93%
18 25 mil Rosja
85%
22 46 mil Brazylia
83%
27 34 mil Meksyk
72%
44 84 mil Nigeria
71%
27 72 mil Indonezja
65%
34 33 mil Egipt
64%
46 38 mil Demokratyczna Republika Konga
59%
35 69 mil Pakistan
56%
28 47 mil Bangladesz
50%
24 19 mil Iran
50%
41 43 mil Etiopia
49%
25 20 mil Turcja
49%
40 20 mil Kenia
43%
23 22 mil Wietnam
40%
32 33 mil Filipiny
39%
45 26 mil Tanzania
31%
48! 21 mil Uganda
25%
Nie znaleziono quizów pasujących do podanych kryteriów
Rozkład punktacji
Procent ludzi z każdym wynikiem
Percentyl według liczby udzielonych odpowiedzi
Twoja historia wyników
Nie rozwiązałeś tego quizu